| 000 | 00617nam a2200205Ia 4500 | ||
|---|---|---|---|
| 008 | 131103s9999 xx 000 0 und d | ||
| 040 | _aLoreto College | ||
| 041 | _aEnglish | ||
| 082 |
_a372.4/HEI _bLCBED/13614 |
||
| 100 | _aHeilman, Arthur W. | ||
| 245 |
_aPrinciples and practices of teaching reading _cArthur W.Heilman; Timothy R.Blair and William H. Rapley |
||
| 250 | _a8th.ed. | ||
| 260 |
_aLondon _bCharles E. merrill _c1961 |
||
| 300 |
_aviii,522p. _c 24cm. |
||
| 504 | _aIncludes index | ||
| 650 | _aElementary education | ||
| 700 | _aBlair, Timothy R. | ||
| 850 | _aLCBED/372.4/HEI | ||
| 942 | _cBK | ||
| 999 |
_c28534 _d79013 |
||